00973nam a2200253Ia 450000500170000000800410001702000180005802000150007605000240009110000320011524500620014726000660020930000270027533600100030233700140031233800140032650000970034051900930043765000190053070000460054994200070059595201000060299900170070220231102151235.0160406s2007 mx aj||| |||| 00| 0 spa d a9789706865953 a9706865950 aQA184.2bP6518 2007 aPoole, David, 1955-.eautor aAlgebra linealb: una introduccion modernac/ David Poole aMéxico b: International Thomson : Cengage Learningc, 2007 axxviii, 712 páginas. atexto asin medio avolúmen aTraduccion de: Linear algebra : a modern introduction, 2nd ed. Incluye índice y apéndice aFlexible /bTecnologías de la Información /cAlgebra Lineal (B07-2) /d(19 000819) aAlgebra lineal aVELASCO CARRETO, Jose Arturo.etraductor. cLB 00104070a19b19d2016-04-06l0oQA184.2 P6518 2007p19 000819r2013-09-17t1w2013-09-17yLB c78300d78300